Batukeshwar Dutt/ (Record no. 173267)

MARC details
000 -LEADER
fixed length control field 00583nam a22002057a 4500
005 - DATE AND TIME OF LATEST TRANSACTION
control field 20200221112321.0
010 ## - LCCN (DPL NO)
LC control number ENG-127929
020 ## - INTERNATIONAL STANDARD BOOK NUMBER
International Standard Book Number 9788194452829
Terms of availability 795.00
035 ## - SYSTEM CONTROL NUMBER
System control number EN-111461
037 ## - SOURCE OF ACQUISITION
Source of stock number/acquisition DBAD/PUB
082 ## - DEWEY DECIMAL CLASSIFICATION NUMBER
Classification number 921
100 ## - MAIN ENTRY--PERSONAL NAME
Personal name Asha Kiran
245 ## - TITLE STATEMENT
Title Batukeshwar Dutt/
Statement of responsibility, etc by Asha Kiran
250 ## - EDITION STATEMENT
Edition statement 2019
260 ## - PUBLICATION, DISTRIBUTION, ETC. (IMPRINT)
Place of publication, distribution, etc New Delhi
Name of publisher, distributor, etc SKY Books International
Date of publication, distribution, etc 2019
270 ## - ADDRESS
Address 1/1079E,Mehrauli
City New Delhi
Postal code 110030
300 ## - PHYSICAL DESCRIPTION
Extent vii;156p.
Dimensions 22cm(hb)
500 ## - GENERAL NOTE
General note includes bibliographical references and index<br/>
942 ## - ADDED ENTRY ELEMENTS (KOHA)
Source of classification or shelving scheme Dewey Decimal Classification
Item type English Books
Classification part 921
Call number suffix ASH
Holdings
Withdrawn status Lost status Not for loan Collection code Home library Current library Date acquired Source of acquisition Cost, normal purchase price Full call number Barcode Copy number Cost, replacement price Koha item type
      Non-fiction Central Library Central Library 21/02/2020 DBAD/PUB 795.00 921 ASH EN-111461 1 795.00 English Books

© Delhi Public Library
Hit Counter
free hit counter